| 000 | 00541nam a2200205Ia 4500 | ||
|---|---|---|---|
| 003 | GCL | ||
| 008 | 140319s9999 xx 000 0 eng d | ||
| 040 |
_aGCL / _cGCL |
||
| 082 | 0 | 4 |
_a920 _bC O |
| 100 | 1 | _aCHURCHILL, WINSTON | |
| 245 | 1 | 0 |
_aONE HUNDRED GREAT LIVES / _cCHURCHILL, WINSTON |
| 260 |
_a[S.N] : _bODHAMS PRESS LTD |
||
| 300 | _a760 P | ||
| 650 | 0 | 4 | _aباب اللوق |
| 650 | 0 | 4 | _aBIOGRAPHIES |
| 650 | 0 | 4 | _aARTISTS - BIOGRAPHY |
| 650 | 0 | 4 | _aMUSICIANS - BIOGRAPHIES |
| 650 | 0 | 4 | _aSOLDIERS - BIOGRAPHIES |
| 942 |
_2ddc _cBK |
||
| 999 |
_c15265 _d15265 |
||